000
003090000a22001570004500
001
002491
003
MACL
040
_a
MACL
090
_c
14484
_d
14483
100
_a
Outlook
245
_a
Outlook Traveller
260
_c
2004
_b
Outlook
350
_a
225
650
_a
Serial Publication
942
_k
50
_c
BOOK
999
_c
14402
_d
14402